000 01038nam a2200229 a 4500
001 55074
003 BD-RjUL
005 20211209080218.0
008 161114s1977 bg ||||| |||| 00| 0 ben d
035 _a(BD-RjUL)55196
040 _aBD-RjUL
_bben
_cBD-RjUL
_dBD-RjUL
041 _aben
082 _223
_a954.02
_bKAB 1977
100 _aকাসিম, মুহাম্মদ
_9164181
245 1 0 _aভারতে মুসলিম বিজয়ের ইতিহাস /
_cমুহাম্মদ কাসিম, অনুবাদ : মুহাম্মদ শহীদুল্লাহ
260 _aঢাকা :
_bবাংলা একাডেমী,
_c১৯৭৭.
300 _a[৩০], ৪৭৭ পৃ. ;
_c১৯ সেমি.
651 _aভারত
_vইতিহাস (মুসলিম)
_y(৬৪৭-১৭৪৫)
_9164182
651 _aIndia
_vHistory (Muslim)
_y(647-1745)
_9164183
700 _aশহীদুল্লাহ, মুহাম্মদ
_qঅনুবাদ :
_9164184
942 _2ddc
_cBK
999 _c55074
_d55074